000 00905nam a2200265 i 4500
001 185535
003 SpMaBN
005 20250727165602.0
008 160629s1992 sp aco |||| | spa d
020 _a84-7509-621-2
080 _a77
100 1 _aBarthes, Roland.
_926125
245 1 3 _aLa cámara lúcida
_b: nota sobre la fotografía /
_cRoland Barthes ; [traducción de Joaquim Sala-Sanahuja].
250 _a2ª ed.
260 _aBarcelona :
_bPaidós Ibérica,
_c1992.
300 _a207 p. :
_bfot., retr. ;
_c22 cm.
490 1 _aPaidós comunicación ;
_v43
500 _aÍndice de fotógrafos.
504 _aBibliografía: p. 201-203, 206-207.
650 0 4 _aFotografía-
_xFilosofía
_912953
700 1 _aSala Sanahuja, Joaquín.
_9145090
830 0 _aPaidós comunicación ;
_v43
_9177927
852 _aES-MaACL
_jL-30439
_z. - Donat. Miguel A. Velasco
999 _c185535
_d185535